<?xml version="1.0" encoding="UTF-8"?>
<record
    xmlns:xsi="http://www.w3.org/2001/XMLSchema-instance"
    xsi:schemaLocation="http://www.loc.gov/MARC21/slim http://www.loc.gov/standards/marcxml/schema/MARC21slim.xsd"
    xmlns="http://www.loc.gov/MARC21/slim">

  <leader>00867cam a22002655a 4500</leader>
  <controlfield tag="001">dp25j3nbb4nm19sn</controlfield>
  <controlfield tag="003">LIBRIS</controlfield>
  <controlfield tag="005">20230101064810.0</controlfield>
  <controlfield tag="008">190925s2019    us |||||||||||000 1|eng|c</controlfield>
  <datafield tag="020" ind1=" " ind2=" ">
    <subfield code="a">9781859465790</subfield>
  </datafield>
  <datafield tag="035" ind1=" " ind2=" ">
    <subfield code="a">(Adlibris)9781859465790</subfield>
  </datafield>
  <datafield tag="040" ind1=" " ind2=" ">
    <subfield code="a">SEK</subfield>
    <subfield code="e">a</subfield>
    <subfield code="c">NA</subfield>
  </datafield>
  <datafield tag="041" ind1=" " ind2=" ">
    <subfield code="a">eng</subfield>
  </datafield>
  <datafield tag="082" ind1=" " ind2=" ">
    <subfield code="a">747.019 G77 2019</subfield>
  </datafield>
  <datafield tag="100" ind1="1" ind2=" ">
    <subfield code="a">Grigoriou, Elina</subfield>
  </datafield>
  <datafield tag="245" ind1="1" ind2="0">
    <subfield code="a">Wellbeing in Interiors /</subfield>
    <subfield code="c">Elina Grigoriou.</subfield>
  </datafield>
  <datafield tag="264" ind1=" " ind2="1">
    <subfield code="b">RIBA PUBLISHING,</subfield>
    <subfield code="c">2019</subfield>
  </datafield>
  <datafield tag="300" ind1=" " ind2=" ">
    <subfield code="a">207 p,  </subfield>
    <subfield code="c">24 cm.</subfield>
  </datafield>
  <datafield tag="340" ind1=" " ind2=" ">
    <subfield code="b">0 cm</subfield>
  </datafield>
  <datafield tag="887" ind1=" " ind2=" ">
    <subfield code="a">{"@id":"dp25j3nbb4nm19sn","modified":"2019-09-25T16:16:30.027+02:00","checksum":"31055823112"}</subfield>
    <subfield code="2">librisxl</subfield>
  </datafield>
  <datafield tag="887" ind1=" " ind2=" ">
    <subfield code="a">{"@id":"x7lp2m6wvxbp0bhv","modified":"2019-09-25T16:16:30.062+02:00","checksum":"24959564154"}</subfield>
    <subfield code="2">librisxl</subfield>
  </datafield>
  <datafield tag="942" ind1=" " ind2=" ">
    <subfield code="2">ddc</subfield>
    <subfield code="c">BK-EN</subfield>
    <subfield code="n">0</subfield>
  </datafield>
  <datafield tag="999" ind1=" " ind2=" ">
    <subfield code="c">5755</subfield>
    <subfield code="d">5755</subfield>
  </datafield>
  <datafield tag="952" ind1=" " ind2=" ">
    <subfield code="0">0</subfield>
    <subfield code="1">0</subfield>
    <subfield code="2">ddc</subfield>
    <subfield code="4">0</subfield>
    <subfield code="7">0</subfield>
    <subfield code="a">CENTRAL</subfield>
    <subfield code="b">TUWAIQ</subfield>
    <subfield code="d">2023-01-01</subfield>
    <subfield code="l">0</subfield>
    <subfield code="o">747.019 G77 2019</subfield>
    <subfield code="p">1000000024455</subfield>
    <subfield code="r">2023-01-01 00:00:00</subfield>
    <subfield code="t">1</subfield>
    <subfield code="w">2023-01-01</subfield>
    <subfield code="y">BK-EN</subfield>
  </datafield>
</record>
